000 01419nam a22004090a 4500
001 PT27744
003 AR-LpoUNG
005 20210131233342.0
008 191001s1985||||ag |||||||||||||||||spa d
020 _a9506143668
_c$7
040 _aAR-LpoUNG
_bspa
_cAR-LpoUNG
_eaacr
041 _aspa
044 _aag
082 0 _a982.064 615per
100 1 _aDi Tella, Guido
245 1 0 _aPerón-Perón :
_b1973-1976
260 _aBuenos Aires :
_bHyspamérica,
_c1985.
300 _a367 p. :
_btbls.
520 _aAnaliza los fenómenos más significativos de décadas anteriores para entrar de lleno en el estudio del período 1973-76; este pormenorizado exámen de hechos económicos sirve de base para una reflexión sobre ciertos problemas cruciales que enfrenta la Argentina en ese terreno. Intenta evaluar las posibilidades futuras de gobiernos de tipo laborista apoyados en las estructuras sindicales.
650 4 _aANALISIS ECONOMICO
650 4 _aARGENTINA
650 4 _aASPECTOS POLITICOS
650 4 _aCOMERCIO INTERNACIONAL
650 4 _aESTRUCTURA ECONOMICA
650 4 _aHISTORIA ECONOMICA
650 4 _aHISTORIA SOCIAL
650 4 _aINFLACION
650 4 _aMOVIMIENTO OBRERO
650 4 _aPOLITICA ECONOMICA
650 4 _aSINDICALISMO
650 4 _aSINDICATOS
651 4 _aArgentina
653 _aPERONISMO
700 1 _aJusto, Luis
_etr.
905 _a27744
942 _cLIB
999 _c20223
_d20223